000 00493nam a2200157 i 4500
001 95163
003 ES-MaACL
005 20230906181640.0
007 t|
008 050524s1971 sp ||||1| spa d
100 1 _aLuque López, Antonio.
_974831
245 1 0 _aFundamentos físicos de los dispositivos electrónicos /
_cpor Antonio Luque López.
260 _aMadrid :
_bUniversidad Internacional,
_c1971.
300 _a467 p., 10 h. :
_bil. ;
_c21 cm.
852 _aES-MaACL
_jC-38773
_bR.78996
999 _c95163
_d95163